00529nam a2200157 a 450000100100000000500170001000800410002702000150006804000250008310000240010824501250013226000450025730000210030249000240032383000240034700004410720201002045142.0140516s1999 sp 000 0 spa d a8433925393 aDO-SdBNPbspacBNPHU1 aMartí Font, J. M.13aEl día que acabó el siglo XX :bla caída del muro de Berlín /. /cJ. M. Martí Font ; prólogo Josep Ramoneda. aBarcelona :bCrónicas Anagrama,c1999. a213 p. ;c23 cm.1 aCrónicas Anagrama 0aCrónicas Anagrama